Tasaciones Especiales

Detalles Bibliográficos
Autor principal: Ibę̀z, Marcela Agustina
Formato: eBook
Lenguaje:español
Publicado: Cr̤doba: Alveroni Ediciones, 2021
Materias:
Acceso en línea:Acceso restringido

MARC

LEADER 00000nam a22000007a 4500
005 20210510234347.0
007 cr|||| ||||
008 210510s2021 ar |||||s|||| 00||0 spa d
020 |a 978-987-643-195-8 
035 |a 33474 
040 |a vLex 
090 |c 11637  |d 11637 
100 1 |a Ibę̀z, Marcela Agustina 
245 1 0 |a Tasaciones Especiales  |h [Recurso electrn̤ico] /  |c Marcela Agustina Ibę̀z 
256 |a Servicio en ln̕ea 
260 |a Cr̤doba:  |b Alveroni Ediciones,  |c 2021 
300 |a 1 recurso electrn̤ico 
500 |a Paradigmas de la valuacin̤. Desarrollo e innovacin̤ de mťodos en Argentina. Inmuebles industriales. Valor inmobiliario cultural. Bellas Artes. Bienes muebles en general. Vehc̕ulos usuales y cls̀icos. Fondo de comercio. Valuacin̤, medio ambiente y desarrollo sustentable. Derechos reales. Nuda propiedad. Posesorios. Expropiaciones. Valuacin̤ bancaria. 
506 1 |a Disponible solo en los productos indicados  |d vLex Global  |d vLex Global (Academic Edition, excluding Law Schools)  |d vLex Global (U.S. Academic Edition, Law Schools)  |d vLex Global (U.S. Academic Edition, excluding Law Schools)  |d vLex Global (Academic Edition, Law Schools) 
650 0 4 |a Derecho Pb︢lico y Administrativo  |z Argentina 
740 0 |a vLex Libros (Servicio en ln̕ea) 
856 4 0 |u https://vlex.com/source/tasaciones-especiales-33474  |z Acceso restringido 
942 |c BOOK 
999 0 |a Public and Administrative Law